000 00715nam a2200289Ia 4500
005 20260324132846.0
008 008 260324s9999 xx 000 0 eng d
020 _a9780429243356
037 _aEBOOK
040 _aCRL
040 _beng
040 _cCRL
041 _2eng
041 _aeng
084 _qCRL
100 _aAngela Pears
_91190893
245 0 _aFeminist Christian Encounters
245 4 _bThe Methods and Strategies of Feminist Informed Christian Theologies
260 _bTaylor and Francis
260 _c2004
365 _a
365 _b205
856 _uhttp://www.taylorfrancis.com/books/9780429243356
942 _cEBOOK
999 _c1789371
_d1789371